MARC보기
LDR00995cam 2200253 c 4500
001000000148391
00520110526132555
007ta
008100630s2010 ulka 000a kor
020 ▼a 9788991819535 ▼g 03320: ▼c ₩13000
040 ▼a 248032 ▼d 248032
0411 ▼a kor ▼h jpn
0491 ▼l EM00082972
056 ▼a 325.04 ▼2 4
082 ▼a 650.1 ▼2 21
090 ▼a 325.04 ▼b 이192ㅇ
1001 ▼a 이나모리 가즈오
245 ▼a 왜 일하는가: ▼b 이나모리 가즈오가 성공을 꿈꾸는 당신에게 묻는다 / ▼d 이나모리 가즈오 지음, ▼e 신정길 옮김.
260 ▼a 서울 : ▼b 서돌, ▼c 2010.
300 ▼a 209 p: ▼b 삽화 ; ▼c 20 cm.
44010 ▼a 서돌 CEO 인사이트 시리즈
50710 ▼a 稻盛和夫
653 ▼a 이나모리 ▼a 가즈오 ▼a 성공 ▼a 서돌 ▼a CEO ▼a 인사이트
7001 ▼a 신정길
900 ▼a 도성화부
9500 ▼b ₩13000